00485nam a2200157Ia 450000500170000000800410001708200130005810000170007124500470008826000430013530000120017850000230019094200060021395200950021999900130031420250509024034.0240331s9999 xx 000 0 und d a158bDES aDe Seram , U 0aSamanalaviya :bsoduru yawwanayata manpeth aDamkotuwabMalpiyali Publicationc1999 a56 p ., aStory of Teenagers cL 001040708LaWERCLbWERCLcSSCd2024-03-31l0o 158 DESp4552r2024-03-31w2024-03-31yL c757d757